| 000 | 00441nam a22001697a 4500 | ||
|---|---|---|---|
| 003 | OSt | ||
| 008 | 220718b |||||||| |||| 00| 0 eng d | ||
| 020 | _a9788131807637 | ||
| 082 |
_a627.52 _bPUN/IR |
||
| 100 | _aPUNMIA, B C | ||
| 245 | _aIRRIGATION AND WATER POWER ENGINEERING | ||
| 250 | _a16 ed. | ||
| 260 |
_a;BENGALURU _b:LAXMI PUBLICATIONS (P) LTD. _c,2020 |
||
| 300 |
_aXVI + 964 _bIMAGES |
||
| 650 |
_aIRRIGATION _95229 |
||
| 942 | _cBK | ||
| 999 |
_c17531 _d17531 |
||